[Event "Erlangen op 17th"]
[Site "Erlangen"]
[Date "2002.??.??"]
[Round "?"]
[White "Pfeufer, Lion"]
[Black "Buschmann, Michael"]
[Result "1-0"]
[WhiteElo "2034"]
[BlackElo "1524"]
[PlyCount "57"]
[EventDate "2002.??.??"]
[EventType "swiss"]
[EventRounds "5"]
[EventCountry "GER"]
[SourceTitle "EXT 2005"]
[Source "ChessBase"]
[SourceDate "2004.11.15"]
[SourceVersion "1"]
[SourceVersionDate "2004.11.15"]
[SourceQuality "1"]

1. e4 c5 2. Nf3 Nc6 3. d4 cxd4 4. Nxd4 Nf6 5. Nc3 d5 6. Bb5 Qd6 7. exd5 Nxd5 8. Nxd5 Qxd5 9. Nxc6 Qe4+ 10. Qe2 Qxe2+ 11. Kxe2 Bd7 12. Nd4 e5 13. Bxd7+ Kxd7 14. Nb3 Rc8 15. c3 b6 16. Be3 Ke6 17. Rad1 Be7 18. Rd2 f5 19. f4 exf4 20. Bxf4 g5 21. Bg3 f4 22. Bf2 Rcd8 23. Rhd1 Rxd2+ 24. Rxd2 Rd8 25. Rxd8 Bxd8 26. Nd4+ Kd5 27. Kd3 Bc7 28. c4+ Kd6 29. Nb5+ 1-0

[Event "Erlangen op 17th"]
[Site "Erlangen"]
[Date "2002.??.??"]
[Round "?"]
[White "Pfeufer, Lion"]
[Black "Kaatz, Thomas"]
[Result "1/2-1/2"]
[WhiteElo "2034"]
[BlackElo "1608"]
[PlyCount "38"]
[EventDate "2002.??.??"]
[EventType "swiss"]
[EventRounds "5"]
[EventCountry "GER"]
[SourceTitle "EXT 2005"]
[Source "ChessBase"]
[SourceDate "2004.11.15"]
[SourceVersion "1"]
[SourceVersionDate "2004.11.15"]
[SourceQuality "1"]

1. e4 c6 2. d4 d5 3. exd5 cxd5 4. c4 Nf6 5. Nc3 Bf5 6. Nf3 e6 7. c5 Be7 8. Be2 0-0 9. 0-0 Nc6 10. Nh4 Bg6 11. Nxg6 hxg6 12. Bf3 b6 13. cxb6 Qxb6 14. Ne2 Ne8 15. b3 Bf6 16. Bb2 Nd6 17. Ba3 Rfd8 18. Bc5 Qb7 19. Ng3 Nb5 1/2-1/2

[Event "GER-chT U16"]
[Site "Bensdorf"]
[Date "2001.01.01"]
[Round "1.2"]
[White "Pfeufer, Lion"]
[Black "Hoffmann, Udo"]
[Result "1/2-1/2"]
[WhiteElo "1807"]
[BlackElo "1534"]
[PlyCount "62"]
[EventDate "2001.12.??"]
[EventType "team"]
[EventRounds "7"]
[EventCountry "GER"]
[SourceTitle "EXT 2003"]
[Source "ChessBase"]
[SourceDate "2002.11.25"]
[SourceVersion "1"]
[SourceVersionDate "2002.11.25"]
[SourceQuality "1"]

1. e4 c5 2. Nf3 Nc6 3. d4 cxd4 4. Nxd4 Nf6 5. Nc3 e5 6. Nb3 Bb4 7. Qd3 d5 8. exd5 Nxd5 9. Bd2 Nxc3 10. Bxc3 Qxd3 11. cxd3 0-0 12. Be2 Be6 13. Bf3 Rac8 14. 0-0 Bd6 15. Rfe1 f6 16. Rad1 Rfd8 17. g3 Bxb3 18. axb3 Bc5 19. Be4 Rc7 20. Rc1 g6 21. Red1 Kg7 22. b4 Bb6 23. b5 Ne7 24. Bb4 Rdd7 25. Rxc7 Rxc7 26. Bxe7 Rxe7 27. Rc1 Rd7 28. g4 Kf7 29. Rc8 Bd4 30. b3 a6 31. bxa6 bxa6 1/2-1/2